<?xml version="1.0" encoding="UTF-8"?>
<record
    xmlns:xsi="http://www.w3.org/2001/XMLSchema-instance"
    xsi:schemaLocation="http://www.loc.gov/MARC21/slim http://www.loc.gov/standards/marcxml/schema/MARC21slim.xsd"
    xmlns="http://www.loc.gov/MARC21/slim">

  <leader>01369nam a22002537a 4500</leader>
  <controlfield tag="008">160704bs2000       xxu||||| |||| 00| 0 eng d</controlfield>
  <datafield tag="020" ind1=" " ind2=" ">
    <subfield code="a">0865591814</subfield>
  </datafield>
  <datafield tag="082" ind1="0" ind2="4">
    <subfield code="a">708</subfield>
    <subfield code="b">H669t</subfield>
  </datafield>
  <datafield tag="100" ind1=" " ind2=" ">
    <subfield code="a">Hirschhorn, Thomas.</subfield>
    <subfield code="9">5297</subfield>
  </datafield>
  <datafield tag="245" ind1="1" ind2="0">
    <subfield code="a">Jumbo spoons and big cake /</subfield>
    <subfield code="c">Thomas Hirschhorn ; The Art Institute of Chicago ; The Renaissance Society at the University of Chicago ; co-organizado por James Rondeau y Susanne Ghez.</subfield>
  </datafield>
  <datafield tag="246" ind1="0" ind2="3">
    <subfield code="a">World airport.</subfield>
  </datafield>
  <datafield tag="250" ind1=" " ind2=" ">
    <subfield code="a">1a ed.</subfield>
  </datafield>
  <datafield tag="260" ind1=" " ind2=" ">
    <subfield code="a">Estados Unidos :</subfield>
    <subfield code="b">The Art Institute of Chicago,</subfield>
    <subfield code="c">2000.</subfield>
  </datafield>
  <datafield tag="300" ind1=" " ind2=" ">
    <subfield code="a">144 p.</subfield>
    <subfield code="b">il.</subfield>
  </datafield>
  <datafield tag="500" ind1=" " ind2=" ">
    <subfield code="a">Publicado en conjunto a las exhibiciones "World Airport" en The Renaissance Society at The University of Chicago (16 de enero al 4 de febrero) y "Jumbo Spoons and Big Cake" en The Art Institute of Chicago (23 de enero al 9 de abril).</subfield>
  </datafield>
  <datafield tag="505" ind1="0" ind2=" ">
    <subfield code="t">Forewood</subfield>
    <subfield code="r">James N. Wood.</subfield>
    <subfield code="t">Forewood</subfield>
    <subfield code="r">Susanne Ghez.</subfield>
    <subfield code="t">Acknowledgments </subfield>
    <subfield code="r">James Rondeau</subfield>
    <subfield code="t">Essay</subfield>
    <subfield code="t">Book list.</subfield>
    <subfield code="t">Essay</subfield>
    <subfield code="r">Hamza Walker.</subfield>
    <subfield code="t">Interview</subfield>
    <subfield code="r">Okwui Enwezor.</subfield>
    <subfield code="t">Exhibitions.</subfield>
    <subfield code="t">Bibliography.</subfield>
    <subfield code="t">Illustration Checklist.</subfield>
    <subfield code="t">Illustrations.</subfield>
  </datafield>
  <datafield tag="653" ind1="1" ind2="0">
    <subfield code="a">Arte contempor&#xE1;neo</subfield>
  </datafield>
  <datafield tag="653" ind1="1" ind2="0">
    <subfield code="a">Exhibicioines</subfield>
  </datafield>
  <datafield tag="653" ind1="1" ind2="0">
    <subfield code="a">Museos</subfield>
  </datafield>
  <datafield tag="700" ind1="1" ind2=" ">
    <subfield code="a">Rondeau, James.</subfield>
    <subfield code="e">co-organizador.</subfield>
    <subfield code="9">5298</subfield>
  </datafield>
  <datafield tag="700" ind1="1" ind2=" ">
    <subfield code="a">Ghez, Susanne.</subfield>
    <subfield code="e">co-organizador.</subfield>
    <subfield code="9">5299</subfield>
  </datafield>
  <datafield tag="710" ind1="1" ind2=" ">
    <subfield code="a">The Art Institute of Chicago.</subfield>
    <subfield code="9">5300</subfield>
  </datafield>
  <datafield tag="710" ind1="1" ind2=" ">
    <subfield code="a">The Renaissance Society at The University of Chicago.</subfield>
    <subfield code="9">5301</subfield>
  </datafield>
  <datafield tag="999" ind1=" " ind2=" ">
    <subfield code="c">977</subfield>
    <subfield code="d">977</subfield>
  </datafield>
  <datafield tag="952" ind1=" " ind2=" ">
    <subfield code="0">0</subfield>
    <subfield code="1">0</subfield>
    <subfield code="2">ddc</subfield>
    <subfield code="4">0</subfield>
    <subfield code="7">0</subfield>
    <subfield code="a">LV</subfield>
    <subfield code="b">LV</subfield>
    <subfield code="c">Monograf&#xED;as</subfield>
    <subfield code="d">2016-07-04</subfield>
    <subfield code="l">0</subfield>
    <subfield code="o">708 H669t</subfield>
    <subfield code="p">000840</subfield>
    <subfield code="r">2016-07-04 00:00:00</subfield>
    <subfield code="w">2016-07-04</subfield>
    <subfield code="y">01</subfield>
  </datafield>
</record>
